Представление документа в формате RUSMARC

ПолеНазваниеЗначение
  Тип записи a
  Библиографический уровень m
001 Контрольный номер RU/REG73/CBS_GRAD/ad11019ed8d54ceb9b89c3f1e7a3accb
005 Дата корректировки 20240131203730.4
100 Данные общей обработки __
a Данные общей обработки 20230919a2023####|||a0rusy0189 ca
101 Язык документа 0_
a Язык текста rus
102 Страна публикации __
a Страна публикации RU
200 Заглавие и сведения об ответственности 1_
a Заглавие № 35 (1547)(сентябрь)
210 Выходные данные 1_
d Дата издания 2023
461 Уровень набора _0
1 2001
a Завтра
v № 35 (1547)(сентябрь)
e Газета Государства Российского
f учредитель Редакция газеты-еженедельника Завтра
1 2101
d 1993-
a Москва
1 001RU/REG73/CBS_GRAD/ef3c6341c2574dd58b57ad37f92da7b2
1 300
а Выходит еженедельно
1 333
а 16+
801 Источник записи _0
a Страна RU
b Организация RuCBSGrad
c Дата составления 20230919
g Правила каталогизации RCR
801 Источник записи _1
a Страна RU
b Организация RuCBSGrad
c Дата составления 20230919
g Правила каталогизации RCR
852 Данные о местонахождении __
a Наименование организации МБУК "ЦБС г. Димитровграда"
m Каталогизатор Тенигина
901 Тип документа __
t Тип документа h
w Контрольный № источника RU/REG73/CBS_GRAD/ef3c6341c2574dd58b57ad37f92da7b2
909 Создатель записи __
a Создатель записи Тенигина